| 000 | 00494nam a2200181Ia 4500 | ||
|---|---|---|---|
| 005 | 20250508163938.0 | ||
| 008 | 008 250505s9999 xx 000 0 hin d | ||
| 037 | _aTextual | ||
| 040 |
_aFEDL _beng _cFEDL |
||
| 041 |
_ahin _2hin |
||
| 084 |
_a891.431, CHA _qFEDL |
||
| 100 | _aChaturvedi Ram Swaroop | ||
| 245 | 0 | _aKavita ka paksh | |
| 260 |
_aAllahabad, India _bLokbharti Prakashan _c1994 |
||
| 300 | _a90p. | ||
| 942 |
_cTEXL _h891.431, CHA |
||
| 999 |
_c1386217 _d1386217 |
||